[Event "CXG RSa Memorial-B"]
[Site "Rio de Janeiro"]
[Date "1999.??.??"]
[Round "3"]
[White "Ribeiro, Freddie Allan"]
[Black "Ferraz e Silva, Pietro"]
[Result "1-0"]
[WhiteElo "2000"]
[BlackElo "2000"]
[PlyCount "53"]
[EventDate "1999.??.??"]
[EventType "tourn"]
[EventRounds "11"]
[EventCountry "BRA"]
[SourceTitle "EXT 2000"]
[Source "ChessBase"]
[SourceDate "1999.11.16"]
[SourceVersion "1"]
[SourceVersionDate "1999.11.16"]
[SourceQuality "1"]

1. d4 d5 2. c4 c6 3. Nc3 Nf6 4. Nf3 dxc4 5. e4 Bg4 6. Be3 e6 7. Bxc4 Bb4 8. 0-0 Bxc3 9. bxc3 Nxe4 10. Qb3 Qb6 11. Ne5 Qxb3 12. Bxb3 Bf5 13. g4 Bg6 14. h4 Nxc3 15. h5 Be4 16. Nc4 Ke7 17. Rfe1 Nd7 18. Bd2 b5 19. Na5 Nb1 20. Bb4+ Ke8 21. Rxe4 Nf6 22. Re2 Nxg4 23. Rxb1 Kd7 24. Rc1 Nf6 25. Nxc6 Nxh5 26. Ne5+ Ke8 27. Rec2 1-0